O sociaľno-ekonomičeskich aspektach bezopasnosti v sovremennom mire
Saved in:
| Main Author: | |
|---|---|
| Format: | Book Chapter |
| Language: | Russian |
| Tags: |
No Tags, Be the first to tag this record!
|
MARC
| LEADER | 00000naa$a2200000$$$4500 | ||
|---|---|---|---|
| 001 | 0126323 | ||
| 005 | 20240502083319.6 | ||
| 041 | 0 | |a rus | |
| 044 | |a UA | ||
| 245 | 1 | 0 | |a O sociaľno-ekonomičeskich aspektach bezopasnosti v sovremennom mire |c František Škvrnda |
| 500 | |a Abstrakt | ||
| 100 | 1 | |a Škvrnda, František | |